02380 a2200169 45000010006000000050017000060080041000230030015000640400040000790800022001192450117001412500012002582640075002703000019003455051819003641000027021835489520260407155824.0260407a1969 arg spa dAR-UNSa-BCEJYS aAR-UNSa-BCEJYSbspacAR-UNSa-BCEJYS a316xSociología10aHistoria y elementos de la sociología del conocimientopTomo II: Conocimiento y contexto de las ideas sociales a2a. ed. 1aBuenos Aires :bEUDEBA (Editorial Universitaria de Buenos Aires)c1969 a339 p.c23 cm. aTOMO II - Primera parte: Ideología: Contenido y contexto - I. La ideología bonapartista - II. "Weltanschauung",ciencia y economía - III. La función del mito en la vida social del hombre - IV. La ideología como medio de control social - V. Ideología y alienación - VI. Una medida de la alienación - VII. ¿El fin de la ideología? - Segunda parte: La transición de la ideología a la utopía - VIII. Formalización de la teoría general de la ideología y la utopía - IX. La institucionalización de las ideologías - X. Caracteres generales de las utopías sociales - XI. La búsqueda de utopía - XII. Autonomía y utopía - XIII. Utopía,libertad y orden - Tercera parte: Conciencia,comunicación y cultura - XIV. Continuidad y discontinuidad del condicionamiento cultural - XV. La invasión marciana: La falsa conciencia en acción - XVI. Los medios de difusión y las masas - XVII. Aprendizaje y olvido de material ideológico - XVIII. Las clases populares y las actitudes autoritarias - XIX. Las funciones de una ideología racial - Cuarta parte: Normas sociales y valores humanos - XX. Doctrina de la relación básica entre el hecho científico y el natural - XXI. Teoría social y problemas sociales - XXII. El naturalismo y el análisis sociológico del conocimiento - XXIII. Sociología del conocimiento y filosofía del conocimiento - XXIV. Lo singular y lo general: hacia una filosofía de la sociología - Quinta parte: Acción social y comprensión humana - XXV. El efecto de las formas sociales sobre la ciencia social - XXVI. Problemas relativos a la obtención y evaluación de los datos sociales - XXVII. Más allá de la utopía:hacia una nueva orientación del análisis sociológico - XXVIII. El carácter del pensamiento occidental1 aHorowitz, Irving Louis